000 00897nam a2200217 a 4500
003 0
005 20250301110726.0
008 100902s19uu xx 00 eng d
050 _aPGS HQ 784.C6
_b.Y59 2010
100 _aYoo, Young Hun.
245 _aSafety consciousness among grade six cell phone users of Southville International School and Colleges /
_cYoung Hun Yoo.
260 _aLas Piñas City, Philippines :
_bSouthville International School and Colleges,
_c2010.
300 _a21 pages :
_billustrations ;
_c28 cm.
504 _aIncludes bibliographical references.
650 _aCell phones
_vHealth aspects—Children.
650 _aMobile communication
_vSafety measures—Children.
650 _aDigital literacy and mobile phone safety.
650 _aRisk perception in children
_vCell phone use.
650 _aChildren
_vSafety education—Technology use.
942 _2lcc
_cPASS
999 _c98336
_d98336